Statistiques concernant Pays de 30 millions à 14 millions d'habitants

Cliquez ici pour prendre le quiz!

Statistiques générales

  • Ce quiz a été pris 49 fois
  • Le résultat moyen est 14 sur 27

Statistiques - réponses

PopulationPays% Correct
19 658 839Chili
82%
26 699 482Australie
67%
26 244 582Corée du Nord
62%
28 238 972Niger
60%
17 671 125Pays-Bas
60%
18 221 567Sénégal
60%
29 394 433Cameroun
58%
14 528 770Guinée
58%
24 015 789Mali
58%
19 618 996Roumanie
58%
17 121 847Cambodge
56%
18 377 367Équateur
56%
18 847 148Tchad
53%
29 603 302Côte d'Ivoire
49%
29 395 334Venezuela
49%
21 134 695Zambie
47%
19 828 165Kazakhstan
44%
18 706 922Somalie
44%
17 020 321Zimbabwe
44%
14 414 910Rwanda
40%
24 348 053Syrie
40%
18 358 430Guatemala
38%
21 475 962Malawi
38%
23 950 214Taïwan
38%
14 080 072Bénin
36%
21 949 268Sri Lanka
31%
23 840 247Burkina Faso
27%

Distribution des résultats

Percentile par nombre de réponses

% des personnes avec chaque résultat

Votre développement - résultats

Vous n’avez pas pris ce quiz